000 00356nam a22001457a 4500
008 221019b ||||| |||| 00| 0 eng d
020 _a9780323077187
041 _aeng
080 _2EIGHTH EDITION
_a610.73
082 _a610.73 CHIN
100 _a7
101 _aINF
245 _aINTEGRATED THEORY AND KNOWLEDGE DEVELOPMENT
_cCHINN P
942 _2udc
_cBK
999 _c58610
_d58610